Phương Pháp nâng cao khả năng biểu đạt cho học sinh

Uloženo v:
Podrobná bibliografie
Hlavní autor: Trần, Thị Thanh Liêm (Biên soạn)
Další autoři: Trương, Ngọc Quỳnh
Médium: Kniha
Vydáno: Hà Nội Văn Hóa Thông Tin 2014
Témata:
Tagy: Přidat tag
Žádné tagy, Buďte první, kdo otaguje tento záznam!
Thư viện lưu trữ: Trung tâm Học liệu Lê Vũ Hùng, Trường Đại học Đồng Tháp
LEADER 00876pam a22002418a 4500
001 00041411
005 20180502090559.0
008 170515s2005 ||||||Viesd
020 # # |a 978 604 50 0976 5  |c 73000 
041 0 # |a Vie 
082 1 4 |a 649  |b PH561PH 
100 1 # |e Biên soạn  |a Trần, Thị Thanh Liêm 
245 1 0 |a Phương Pháp nâng cao khả năng biểu đạt cho học sinh  |c Trần Thị Thanh Liêm(Biên soạn); Trương Ngọc Quỳnh 
260 # # |c 2014  |a Hà Nội  |b Văn Hóa Thông Tin 
300 # # |a 292 tr.  |c 21 cm 
653 # # |a Giáo dục gia đình 
653 # # |a Học sinh 
653 # # |a Ngôn ngữ 
653 # # |a biểu đạt 
700 1 # |a Trương, Ngọc Quỳnh 
852 # # |j KM.0024863  |j KD.0023540 
910 |d 02/05/2018 
980 # # |a Trung tâm Học liệu Lê Vũ Hùng, Trường Đại học Đồng Tháp